000
00474nam a2200145Ia 4500
008
090124s9999 xx 000 0 und d
082
_b
206897
245
_a
श्रेष्ठ बाल कहानियाँ
250
_a
1
260
_b
बेरी मीनाक्षी
_c
2004
300
_a
104
630
_a
श्रेष्ठ बाल कहानियाँ
730
_a
श्रेष्ठ बाल कहानियाँ
942
_c
BOOK
999
_c
188893
_d
188893